00478nam a2200169Ia 4500003000400000005001700004008004100021020001800062040001700080082002000097100002400117245008800141260002800229300002100257650001300278700001700291IIN20250428152303.0231217s9999 xx 000 0 und d a9789381579039 aIINbEnglish a610.730285bSHE1 aShetty, Shashikala 1 aComputer Fundamentals and Applications for NursescShashikala Shetty & Shashiprabha bEMMESSaBangalorec2011 axii, 218p.bill.1 aComputer1 aShashiprabha